00838nam a2200265 a 450000100090000000800410000901000150005002000180006502000180008302000150010102000150011605000160013110000200014724501370016726000320030430000180033650000670035465000220042165000310044370000200047470000220049470000190051670000180053570000190055318521259161026s2015 ||||||||||||||||| || u a2015935668 a9781446267769 a9781446267776 a1446267776 a1446267768 aHM 741 Nic  aKoskinen, Johan10aSocial network analysis for ego-netscNick Crossley, Elisa Bellotti, Gemma Edwards, Martin G. Everett, Johan Koskinen, Mark Tranmer. aLos AngelesbElsevierc2015 ax, 194p: ill. aIncludes bibliographical references (pages 178-191) and index. aNetwork analyisis 0aSocial networks - Research aBellotti, Elisa aEverett, Martin G aEdwards, Gemma aTranmer, Mark aCrossley, Nick